[Event "It (open) (b)"]
[Site "Koszalin (Poland)"]
[Round "2"]
[White "Markiewicz Jerzy (POL)"]
[Black "Oliwa Patryk (POL)"]
[Result "0-1"]
[WhiteElo "2287"]
[BlackElo "2224"]

1.e4 e6 2.d4 d5 3.Nd2 Nf6 4.e5 Nfd7 5.Bd3 c5 6.c3 Nc6 7.Ne2 cxd4 8.cxd4 f6
9.Nf4 Nxd4 10.Qh5+ Ke7 11.Ng6+ hxg6 12.exf6+ Nxf6 13.Qxh8 Kf7 14.O-O e5 15.Nf3
Nxf3+ 16.gxf3 Nh5 17.h4 e4 18.Bg5 Qd7 19.Be2 Qh3 20.f4 Ng3 21.fxg3 Bc5+ 22.Rf2
Qxg3+ 23.Kh1 Bxf2 {#R} 0-1

[Event "Cup Russia (open)"]
[Site "Kstovo (Russia)"]
[Round "1"]
[White "Sokolov Alexander (RUS)"]
[Black "Gleizerov Evgeny (RUS)"]
[Result "0-1"]
[WhiteElo "2380"]
[BlackElo "2560"]

1.e4 e6 2.d4 d5 3.Nd2 Nf6 4.e5 Nfd7 5.c3 c5 6.Bd3 Nc6 7.Ne2 cxd4 8.cxd4 f6
9.exf6 Qxf6 10.Nf3 h6 11.O-O Bd6 12.Nc3 O-O 13.a3 Rd8 14.Re1 Nf8 15.Be3 Bd7
16.Qe2 Be8 17.Rad1 Bh5 18.h3 Rd7 19.g4 Bg6 20.Bc1 Rf7 21.Kg2 Bxd3 22.Rxd3 Ng6
23.Nb5 Bf4 {#R} 0-1

[Event "Ch Uruguay"]
[Site "Montevideo (Uruguay)"]
[Round "0"]
[White "Zimmermann Claus (GER)"]
[Black "Ifran Maximiliano (URU)"]
[Result "1-0"]
[WhiteElo "2253"]
[BlackElo "2033"]

1.e4 e6 2.d4 d5 3.Nd2 Nf6 4.Bd3 c5 5.c3 Nc6 6.e5 Nd7 7.Ne2 cxd4 8.cxd4 f6
9.exf6 Nxf6 10.O-O Bd6 11.Nf3 Qc7 12.Bg5 O-O 13.Bh4 e5 14.dxe5 Nxe5 15.Ned4
Bg4 16.Rc1 Qb8 17.Be2 Nxf3+ 18.Bxf3 Bxh2+ 19.Kh1 Qf4 20.g3 Qh6 21.Kxh2 g5
22.Qd2 {#r} 1-0

[Event "Ch France (juniors)"]
[Site "Montlucon (France)"]
[Round "2"]
[White "Therkildsen Thomas (FRA)"]
[Black "Gervais Victor (FRA)"]
[Result "0-1"]
[WhiteElo "2287"]
[BlackElo "2250"]

1.e4 e6 2.d4 d5 3.Nd2 Nf6 4.Bd3 c5 5.e5 Nfd7 6.c3 Nc6 7.Ne2 cxd4 8.cxd4 f6
9.Nf4 Qe7 10.exf6 Qxf6 11.Qg4 Nxd4 12.O-O Ne5 13.Qd1 Qxf4 14.g3 Qf7 {#R} 0-1

[Event "Ch Moscow (for the Deaf) (final)"]
[Site "Moscow (Russia)"]
[Round "0"]
[White "Zabolotny Vladimir (RUS)"]
[Black "Parfenov Vjacheslav (RUS)"]
[Result "0-1"]
[WhiteElo "2187"]
[BlackElo "2158"]

1.e4 e6 2.d4 d5 3.Nd2 Nf6 4.e5 Nfd7 5.Bd3 c5 6.c3 Nc6 7.Ne2 cxd4 8.cxd4 f6
9.exf6 Nxf6 10.O-O Bd6 11.Nf3 Qc7 12.h3 O-O 13.Bg5 h6 14.Bxf6 Rxf6 15.a3 Bd7
16.Bc2 Be8 17.Nh4 g5 18.Nf3 Bh5 19.Nc3 Bxf3 20.gxf3 Qf7 21.Nb5 Bb8 22.Kg2 a6
23.Nc3 Ba7 {#R} 0-1

[Event "Ch Russia (1/2 final)"]
[Site "Perm (Russia)"]
[Round "2"]
[White "Nechaev Alexey (RUS)"]
[Black "Ovchinnikova Julia (RUS)"]
[Result "1-0"]
[WhiteElo "2197"]
[BlackElo "2240"]

1.e4 e6 2.d4 d5 3.Nd2 Nf6 4.e5 Nfd7 5.Bd3 c5 6.c3 Nc6 7.Ne2 cxd4 8.cxd4 f6
9.exf6 Qxf6 10.O-O Nxd4 11.Nxd4 Qxd4 12.Nf3 Qb6 13.Ng5 Nf6 14.Bxh7 Bc5 15.Qc2
Rf8 16.Qg6+ Kd7 17.Qxg7+ Kc6 18.Be3 Bxe3 19.Rac1+ Bc5 20.Qxf8 Nxh7 21.Nxh7 Kb5
22.Qe8+ Ka5 23.a3 {#r} 1-0

[Event "Ch Costa Rica (match)"]
[Site "San Jose (Costa Rica)"]
[Round "4"]
[White "Murillo Alexis (CRC)"]
[Black "Minero Pineda Sergio (CRC)"]
[Result "0-1"]
[WhiteElo "2380"]
[BlackElo "2410"]

1.e4 e6 2.d4 d5 3.Nd2 Nf6 4.e5 Nfd7 5.c3 c5 6.Bd3 Nc6 7.Ne2 cxd4 8.cxd4 f6
9.Nf4 Nxd4 10.Qh5+ Ke7 11.exf6+ Nxf6 12.Ng6+ hxg6 13.Qxh8 Kf7 14.f4 Nh5 15.O-O
Ne2+ 16.Kh1 Qh4 {#R} 0-1

[Event "It (open)"]
[Site "Seefeld (Austria)"]
[Round "0"]
[White "Timoscenko Gennadij (SVK)"]
[Black "Dittmar Peter (GER)"]
[Result "0-1"]
[WhiteElo "2540"]
[BlackElo "2325"]

1.e4 e6 2.d4 d5 3.Nd2 Nf6 4.e5 Nfd7 5.Bd3 c5 6.c3 Nc6 7.Ne2 Qb6 8.Nf3 cxd4
9.cxd4 f6 10.exf6 Nxf6 11.O-O Bd6 12.Nc3 Bd7 13.a3 Nxd4 14.Nxd4 Qxd4 15.Bg6+
hxg6 {#R} 0-1

[Event "It (open)"]
[Site "Spree (Germany)"]
[Round "4"]
[White "Montoya Irigoyen Inigo (ESP)"]
[Black "Schulz Michael (GER)"]
[Result "0-1"]
[WhiteElo "2042"]
[BlackElo "2204"]

1.e4 e6 2.d4 d5 3.Nd2 Nf6 4.Bd3 c5 5.e5 Nfd7 6.c3 Nc6 7.Ne2 Qb6 8.Nf3 cxd4
9.cxd4 f6 10.exf6 Nxf6 11.O-O Bd6 12.b3 O-O 13.Bb2 Bd7 14.Re1 Ng4 15.Ng3 e5
16.dxe5 Qxf2+ 17.Kh1 Bc5 18.h3 Qxg3 19.hxg4 Bxg4 20.Re2 Rxf3 {#R} 0-1

[Event "Memorial M.Chigorin"]
[Site "St. Petersburg (Russia)"]
[Round "8"]
[White "Rozkov Nikolai (RUS)"]
[Black "Vunder Andrey (RUS)"]
[Result "0-1"]
[WhiteElo "2454"]
[BlackElo "2315"]

1.e4 e6 2.d4 d5 3.Nd2 Nf6 4.e5 Nfd7 5.Bd3 c5 6.c3 Nc6 7.Ne2 cxd4 8.cxd4 f6
9.Nf4 Nxd4 10.Qh5+ Ke7 11.Ng6+ hxg6 12.exf6+ Nxf6 13.Qxh8 Kf7 14.Nf3 Bb4+ {#R}
0-1

[Event "Ch Europe (juniors) (under 12) (g)"]
[Site "Tallinn (Estonia)"]
[Round "7"]
[White "Ivkina Olga (RUS)"]
[Black "Maszota Natalia (POL)"]
[Result "1-0"]
[WhiteElo "2296"]
[BlackElo "2112"]

1.e4 e6 2.d4 d5 3.Nd2 Nf6 4.e5 Nfd7 5.Bd3 c5 6.c3 Nc6 7.Ne2 Qb6 8.Nf3 cxd4
9.cxd4 f6 10.exf6 Nxf6 11.O-O Bd6 12.Re1 Bd7 13.Ng3 O-O-O 14.Ne5 Rdf8 15.Nxc6
Qxc6 16.Bh6 Qb6 17.Bxg7 Bxg3 {#r} 1-0

[Event "Ch Europe (juniors) (under 14)"]
[Site "Tallinn (Estonia)"]
[Round "8"]
[White "Teterev Vitaly (BLR)"]
[Black "Sime David (SCO)"]
[Result "1-0"]
[WhiteElo "2519"]
[BlackElo "2018"]

1.e4 e6 2.d4 d5 3.Nd2 Nf6 4.e5 Nfd7 5.Bd3 c5 6.c3 Nc6 7.Ne2 cxd4 8.cxd4 f6
9.exf6 Nxf6 10.Nf3 Bd6 11.O-O O-O 12.Ng3 e5 13.dxe5 Nxe5 14.Be2 b6 15.Bg5 Bb7
16.Nd4 Qd7 17.Rc1 Ne4 {#r} 1-0

[Event "It (open)"]
[Site "Vsetin (Czech Republic)"]
[Round "0"]
[White "Parak Dominik (CZE)"]
[Black "Svoboda Rostislav (CZE)"]
[Result "0-1"]
[WhiteElo "2160"]
[BlackElo "2008"]

1.e4 e6 2.d4 d5 3.Nd2 Nf6 4.e5 Nfd7 5.Bd3 c5 6.c3 Nc6 7.Ne2 cxd4 8.cxd4 f6
9.Nf4 Nxd4 10.Qh5+ Ke7 11.Ng6+ hxg6 12.Qxh8 Nxe5 13.Bb1 Qc7 14.Kd1 Bd7 15.Qh4
Rc8 16.Bxg6 Nxg6 17.Qxd4 Qc2+ 18.Ke2 Bb5+ 19.Kf3 Qf5+ 20.Kg3 Kf7 21.f4 Bc5
22.Ne4 dxe4 23.Qd1 Nxf4 24.Qg4 Ne2+ {#R} 0-1

[Event "It (open)"]
[Site "Wiesbaden (Germany)"]
[Round "5"]
[White "Ginsburg Gennadij (GER)"]
[Black "Loskamp Stefan (GER)"]
[Result "1-0"]
[WhiteElo "2485"]
[BlackElo "2130"]

1.e4 e6 2.d4 d5 3.Nd2 Nf6 4.e5 Nfd7 5.Bd3 c5 6.c3 Nc6 7.Ne2 cxd4 8.cxd4 f6
9.exf6 Nxf6 10.O-O Bd6 11.Nf3 O-O 12.Bf4 Bxf4 13.Nxf4 Ng4 14.g3 Qf6 15.Be2 Bd7
16.Qd2 Qh6 17.h4 Rxf4 18.Qxf4 Qxf4 19.gxf4 Rf8 20.Kg2 Rxf4 21.Kg3 e5 22.Nxe5
Nxd4 23.Bxg4 {#r} 1-0

[Event "Tournament (weekend) (a)"]
[Site "Ivrea (Italy)"]
[Round "1"]
[White "Pepino Enrico (ITA)"]
[Black "Pulito Alberto (ITA)"]
[Result "0-1"]
[WhiteElo "2168"]
[BlackElo "2267"]

1.e4 e6 2.d4 d5 3.Nd2 Nf6 4.e5 Nfd7 5.Bd3 c5 6.c3 Nc6 7.Ne2 cxd4 8.cxd4 f6
9.Nf4 Qe7 10.Qh5+ Qf7 11.Qxf7+ Kxf7 12.Nf3 g5 13.Ne2 g4 14.Nh4 fxe5 15.dxe5
Ndxe5 16.Bb5 Be7 17.g3 Nb4 18.Kd1 a6 19.Ba4 b5 20.Bc2 Nxc2 21.Kxc2 Bb7 22.Bf4
Rac8+ 23.Kd1 Nd3 24.Kd2 Nxb2 {#R} 0-1

[Event "Ch Italy \"]
[Site "Montecatini Terme (Italy)"]
[Round "6"]
[White "Ottavi Marco (ITA)"]
[Black "Ricci Marco (ITA)"]
[Result "1-0"]
[WhiteElo "2009"]
[BlackElo "2074"]

1.e4 e6 2.d4 d5 3.Nd2 Nf6 4.e5 Nfd7 5.Bd3 c5 6.c3 Nc6 7.Ne2 cxd4 8.cxd4 f6
9.exf6 Nxf6 10.O-O Bd6 11.Nf3 O-O 12.Bg5 Bd7 13.Re1 Qb6 14.Nc3 Kh8 15.Na4 Qa5
16.Rc1 Nb4 17.Nc5 Nxd3 18.Qxd3 Bb5 19.Qb1 Bxc5 20.Bxf6 Bb4 21.Ng5 {#r} 1-0

[Event "It (cat.9)"]
[Site "Algarve (Portugal)"]
[Round "9"]
[White "Fernandes Antonio (POR)"]
[Black "Galego Luis (POR)"]
[Result "1-0"]
[WhiteElo "2480"]
[BlackElo "2425"]

1.d4 e6 2.e4 d5 3.Nd2 Nf6 4.Bd3 c5 5.e5 Nfd7 6.c3 Nc6 7.Ne2 cxd4 8.cxd4 f6
9.exf6 Nxf6 10.Nf3 Bd6 11.Bf4 O-O 12.O-O Bxf4 13.Nxf4 Qd6 14.g3 Bd7 15.Re1
Rae8 16.Ne5 Bc8 17.Rc1 Re7 18.Bb5 Nb8 19.Re3 g5 20.Nh5 Nxh5 21.Qxh5 Rg7 22.Rf3
b6 23.Be8 {#r} 1-0

[Event "It (open) \"]
[Site "Berlin (Germany)"]
[Round "2"]
[White "Rehm Manfred (GER)"]
[Black "Dittmar Peter (GER)"]
[Result "0-1"]
[WhiteElo "2085"]
[BlackElo "2305"]

1.e4 e6 2.d4 d5 3.Nd2 Nf6 4.e5 Nfd7 5.Bd3 c5 6.c3 Nc6 7.Ne2 Qb6 8.Nf3 cxd4
9.cxd4 f6 10.exf6 Nxf6 11.O-O Bd6 12.Bf4 Bxf4 13.Nxf4 Qxb2 14.Re1 O-O 15.Nxe6
Bxe6 16.Rxe6 Rae8 17.Rxe8 Rxe8 18.Qb1 Qc3 19.Qc1 Qxd3 {#R} 0-1

[Event "It (open) \"]
[Site "Budapest (Hungary)"]
[Round "1"]
[White "Nagy Zoltan_ (HUN)"]
[Black "Paksi Gyula (HUN)"]
[Result "1-0"]
[WhiteElo "1895"]
[BlackElo "1996"]

1.e4 e6 2.d4 d5 3.Nd2 Nf6 4.e5 Nfd7 5.Bd3 c5 6.c3 cxd4 7.cxd4 Nc6 8.Ne2 Qb6
9.Nf3 Bb4+ 10.Kf1 O-O 11.Bxh7+ Kh8 12.Bd3 f6 13.Nf4 Re8 14.Ng5 {#r} 1-0

[Event "It \"]
[Site "Buenos Aires (Argentina)"]
[Round "8"]
[White "Rodriguez Andres (URU)"]
[Black "Rivero Jose Luis (ARG)"]
[Result "1-0"]
[WhiteElo "2490"]
[BlackElo "2147"]

1.e4 e6 2.d4 d5 3.Nd2 Nf6 4.e5 Nfd7 5.c3 c5 6.Bd3 Nc6 7.Ne2 cxd4 8.cxd4 f6
9.exf6 Nxf6 10.Nf3 Bd6 11.O-O Qc7 12.g3 e5 13.dxe5 Nxe5 14.Nxe5 Bxe5 15.Bf4
O-O 16.Rc1 Qd6 17.Qb3 b6 18.Qc3 Ng4 19.Bxe5 Qxe5 20.Qc6 Bf5 21.Bxf5 Qxf5
22.Nf4 Nf6 23.Rcd1 {#r} 1-0

[Event "It (open)"]
[Site "Dortmund (Germany)"]
[Round "0"]
[White "Seiler Andreas (GER)"]
[Black "Wuenderlich Robin (GER)"]
[Result "1-0"]
[WhiteElo "2252"]
[BlackElo "2173"]

1.e4 e6 2.d4 d5 3.Nd2 Nf6 4.e5 Nfd7 5.Bd3 c5 6.c3 Nc6 7.Ne2 Qb6 8.Nf3 cxd4
9.cxd4 f6 10.Nc3 fxe5 11.dxe5 Ndxe5 12.Nxe5 Nxe5 13.Qh5+ Nf7 14.Bb5+ Ke7
15.O-O Qd4 16.Re1 g6 17.Nxd5+ Kd6 18.Qf3 Qxd5 19.Qxf7 Qxb5 20.Bf4+ Kc5 21.Qc7+
Qc6 22.Qa5+ b5 23.Rac1+ Kd5 24.Qd2# 1-0

[Event "Ch Germany (juniors) (under 20) (team)"]
[Site "Erfurt (Germany)"]
[Round "5"]
[White "Scharfenberg Michael (GER)"]
[Black "Homann Christian"]
[Result "1-0"]
[WhiteElo "2153"]
[BlackElo "1768"]

1.e4 e6 2.d4 d5 3.Nd2 Nf6 4.e5 Nfd7 5.Bd3 c5 6.c3 Nc6 7.Ne2 Qb6 8.Nf3 cxd4
9.cxd4 Be7 10.O-O f6 11.exf6 Nxf6 12.Re1 O-O 13.Nf4 Nd8 14.Ng5 Kh8 15.Nxh7 Rf7
16.Nxf6 Bxf6 17.Qh5+ Kg8 18.Ng6 Rf8 19.Qh8+ {#r} 1-0

[Event "Bayern Landesliga North"]
[Site "Germany"]
[Round "2"]
[White "Suran Jan (CZE)"]
[Black "Horther Heinrich (GER)"]
[Result "1-0"]
[WhiteElo "2295"]
[BlackElo "2258"]

1.e4 e6 2.d4 d5 3.Nd2 Nf6 4.Bd3 c5 5.e5 Nfd7 6.c3 Nc6 7.Ne2 cxd4 8.cxd4 f6
9.exf6 Qxf6 10.Nf3 Bb4+ 11.Bd2 Bxd2+ 12.Qxd2 O-O 13.O-O e5 14.dxe5 Ndxe5
15.Nxe5 Nxe5 16.Nd4 Bg4 17.Rac1 Rac8 18.f3 Bh5 19.Rxc8 Rxc8 20.Rd1 Nxd3
21.Qxd3 Qb6 22.Qf5 {#r} 1-0

[Event "It (open) \"]
[Site "Iraklion (Greece)"]
[Round "6"]
[White "Koukoufikis Ioannis (GRE)"]
[Black "Marountas Ioannis (GRE)"]
[Result "0-1"]
[WhiteElo "1718"]
[BlackElo "2135"]

1.e4 e6 2.d4 d5 3.Nd2 Nf6 4.e5 Nfd7 5.Bd3 c5 6.c3 Nc6 7.Ne2 cxd4 8.cxd4 f6
9.Nf4 Nxd4 10.Qh5+ Ke7 11.exf6+ Nxf6 12.Ng6+ hxg6 13.Qxh8 Kf7 14.Qh4 e5 15.O-O
Be7 16.Nf3 Nxf3+ 17.gxf3 e4 18.fxe4 Nh5 19.Qg3 Nxg3 20.fxg3+ Kg8 21.exd5 Qxd5
{#R} 0-1

[Event "Ch Poland (juniors) (under 12)"]
[Site "Krynica (Poland)"]
[Round "0"]
[White "Bulski Krzysztof (POL)"]
[Black "Schreiber Lukasz (POL)"]
[Result "0-1"]
[WhiteElo "2507"]
[BlackElo "2065"]

1.e4 e6 2.d4 d5 3.Nd2 Nf6 4.e5 Nfd7 5.Bd3 c5 6.c3 Nc6 7.Ne2 cxd4 8.cxd4 f6
9.f4 fxe5 10.fxe5 Nxd4 11.O-O Qb6 12.Kh1 Nxe5 13.Nf4 g6 14.Bb1 Bg7 15.Nh5 gxh5
16.Qxh5+ Kd7 17.Rf7+ Nxf7 18.Qxf7+ Kc6 19.Qxg7 Bd7 20.Bxh7 Rhf8 21.b3 Qb4
22.h3 Qc3 23.Rb1 Ne2 24.Qh6 Nxc1 {#R} 0-1

[Event "Ch Belgium (juniors)"]
[Site "Leuven (Belgium)"]
[Round "8"]
[White "Ceulemans Karl (BEL)"]
[Black "Steen Pieter (BEL)"]
[Result "1-0"]
[WhiteElo "2102"]
[BlackElo "2128"]

1.e4 e6 2.d4 d5 3.Nd2 Nf6 4.e5 Nfd7 5.c3 c5 6.Bd3 Nc6 7.Ne2 cxd4 8.cxd4 f6
9.exf6 Nxf6 10.Nf3 Qc7 11.O-O Bd6 12.g3 O-O 13.Bf4 e5 14.dxe5 Nxe5 15.Nxe5
Bxe5 16.Rc1 Qd6 17.Qd2 Nh5 18.Bxe5 Qxe5 19.Rfe1 Nf6 20.Nf4 Qg5 21.Qb4 Ng4
22.Qxf8+ Kxf8 23.Rxc8+ Rxc8 {#r} 1-0

[Event "It"]
[Site "Leuven (Belgium)"]
[Round "9"]
[White "Geenen Marc (BEL)"]
[Black "Meessen Rudolf (BEL)"]
[Result "1-0"]
[WhiteElo "2315"]
[BlackElo "2320"]

1.e4 e6 2.d4 d5 3.Nd2 Nf6 4.e5 Nfd7 5.c3 c5 6.Bd3 Nc6 7.Ne2 cxd4 8.cxd4 f6
9.exf6 Qxf6 10.Nf3 h6 11.O-O Bd6 12.Be3 O-O 13.Bb5 Ndb8 14.Nc3 Bd7 15.Be2 Ne7
16.Qb3 Na6 17.Qxb7 Nc7 18.Ne5 Bc8 19.Qb3 {#r} 1-0

[Event "It (open)"]
[Site "Neubrandenburg (Germany)"]
[Round "7"]
[White "Segebarth Bernd (GER)"]
[Black "Gerlieb Peter"]
[Result "1-0"]
[WhiteElo "1921"]
[BlackElo "1605"]

1.e4 e6 2.d4 d5 3.Nd2 Nf6 4.e5 Nfd7 5.Bd3 c5 6.c3 Nc6 7.Ne2 cxd4 8.cxd4 Qb6
9.Nf3 f6 10.exf6 Nxf6 11.O-O Bd6 12.Nc3 O-O 13.a3 a6 14.Re1 Qc7 15.Bg5 b5
16.Rc1 Qf7 17.Nxb5 Bd7 18.Nxd6 Qh5 19.Bxf6 Rxf6 20.Ne5 Nxe5 21.Qxh5 {#r} 1-0

[Event "It (open)"]
[Site "Paris (France)"]
[Round "1"]
[White "Bellamine Imed (FRA)"]
[Black "Kinsman Andrew P H (ENG)"]
[Result "0-1"]
[WhiteElo "2128"]
[BlackElo "2385"]

1.e4 e6 2.d4 d5 3.Nd2 Nf6 4.e5 Nfd7 5.Bd3 c5 6.c3 Nc6 7.Ne2 cxd4 8.cxd4 f6
9.Nf4 Nxd4 10.Qh5+ Ke7 11.Ng6+ hxg6 12.exf6+ Nxf6 13.Qxh8 Kf7 14.f4 Qb6 15.O-O
Bd7 16.Kh1 Bb5 17.Qh3 Bc5 18.Rb1 a5 19.Bxb5 Qxb5 20.g4 Qe2 21.g5 Ng4 22.Nf3
Nxf3 23.Rxf3 Rh8 {#R} 0-1

[Event "It \"]
[Site "Philadelphia (USA)"]
[Round "3"]
[White "Chow Albert (USA)"]
[Black "Andrews Todd D (USA)"]
[Result "0-1"]
[WhiteElo "2330"]
[BlackElo "2185"]

1.e4 e6 2.d4 d5 3.Nd2 Nf6 4.e5 Nfd7 5.c3 c5 6.Bd3 Nc6 7.Ne2 Qb6 8.Nf3 cxd4
9.cxd4 f6 10.exf6 Nxf6 11.O-O Bd6 12.Nc3 Bd7 13.a3 Nxd4 14.Nxd4 Qxd4 15.Bg6+
hxg6 {#R} 0-1

[Event "It \"]
[Site "Philadelphia (USA)"]
[Round "4"]
[White "Fernandez Daniel (USA)"]
[Black "De Blecourt Sandra (DEN)"]
[Result "1-0"]
[WhiteElo "2406"]
[BlackElo "2090"]

1.e4 e6 2.d4 d5 3.Nd2 Nf6 4.e5 Nfd7 5.Bd3 c5 6.c3 Nc6 7.Ne2 Qb6 8.Nf3 cxd4
9.cxd4 f6 10.exf6 Nxf6 11.O-O Bd6 12.Bf4 Bxf4 13.Nxf4 O-O 14.Qd2 Bd7 15.Rfe1
Rae8 16.Rac1 g6 17.Bb1 Ng4 18.h3 Nxf2 19.Kxf2 Nxd4 20.Qxd4 Qxd4+ 21.Nxd4 Rxf4+
22.Nf3 e5 23.Kg3 {#r} 1-0

[Event "It (open)"]
[Site "Pizol"]
[Round "1"]
[White "Hesse Juergen (GER)"]
[Black "Danz Rolf (SUI)"]
[Result "1-0"]
[WhiteElo "2026"]
[BlackElo "1897"]

1.e4 e6 2.d4 d5 3.Nd2 Nf6 4.e5 Nfd7 5.Bd3 c5 6.c3 cxd4 7.cxd4 Nc6 8.Ne2 a5
9.O-O Qb6 10.Nf3 Be7 11.Kh1 f6 12.Nf4 Nf8 13.exf6 gxf6 14.Re1 Bd7 15.a3 a4
16.Bc2 Nd8 17.Qe2 Ra5 18.Bd2 Rb5 19.Bxa4 Ng6 20.Bxb5 Bxb5 21.Qe3 Kf7 22.h4
{#r} 1-0

[Event "It (open) (juniors)"]
[Site "Plzen (Czech Republic)"]
[Round "7"]
[White "Jirovsky Petr (CZE)"]
[Black "Vaculik Martin (CZE)"]
[Result "1-0"]
[WhiteElo "2380"]
[BlackElo "2130"]

1.e4 e6 2.d4 d5 3.Nd2 Nf6 4.e5 Nfd7 5.Bd3 c5 6.c3 Nc6 7.Ne2 cxd4 8.cxd4 f6
9.exf6 Nxf6 10.O-O Bd6 11.Nf3 Qc7 12.g3 O-O 13.Bf4 Bd7 14.Rc1 Rac8 15.Re1 Qb8
16.Bxd6 Qxd6 17.Nf4 Ng4 18.Bxh7+ Kxh7 19.Ng5+ Kg8 20.Qxg4 e5 21.dxe5 Bxg4
22.exd6 Nd4 23.Rxc8 {#r} 1-0

[Event "Ch Croatia (team) (1st league)"]
[Site "Porec (Croatia)"]
[Round "2"]
[White "Dokmanovic Nina (CRO)"]
[Black "Matusan Ivana (CRO)"]
[Result "1-0"]
[WhiteElo "2121"]
[BlackElo "1894"]

1.e4 e6 2.d4 d5 3.Nd2 Nf6 4.e5 Nfd7 5.Bd3 c5 6.c3 Nc6 7.Ne2 cxd4 8.cxd4 Qb6
9.Nf3 Be7 10.O-O Nb4 11.Bb1 Qc7 12.Nc3 b6 13.a3 Nc6 14.Nb5 Qb8 15.Bg5 a6
16.Bxe7 axb5 17.Bd6 Qa7 18.Bd3 Bb7 19.Bxb5 Rc8 20.Ng5 Ne7 21.Nxf7 Rf8 22.Qh5
g6 23.Qxh7 {#r} 1-0

[Event "It (open)"]
[Site "Sitges (Spain)"]
[Round "0"]
[White "Ayas Fernandez Antonio (ESP)"]
[Black "Kuijf Marinus (NED)"]
[Result "0-1"]
[WhiteElo "2320"]
[BlackElo "2445"]

1.e4 e6 2.d4 d5 3.Nd2 Nf6 4.e5 Nfd7 5.Bd3 c5 6.c3 Nc6 7.Ne2 Qb6 8.Nf3 cxd4
9.cxd4 f6 10.exf6 Nxf6 11.O-O Bd6 12.Nc3 Bd7 13.Bg5 O-O 14.Na4 Qa5 15.Bd2 Qd8
16.Rc1 Ne4 17.Bxe4 dxe4 18.Ng5 Nxd4 19.Nc3 Bc6 20.Re1 h6 21.Ngxe4 Qh4 22.h3
Rxf2 23.Nxf2 Qg3 {#R} 0-1

[Event "Ch Slovakia (team) 1997/98 (2 liga) (a)"]
[Site "Slovakia"]
[Round "0"]
[White "Janos Jozef (SVK)"]
[Black "Duris Ivan (SVK)"]
[Result "1-0"]
[WhiteElo "2145"]
[BlackElo "2067"]

1.e4 e6 2.d4 d5 3.Nd2 Nf6 4.e5 Nfd7 5.Bd3 c5 6.c3 Nc6 7.Ne2 cxd4 8.cxd4 Qb6
9.Nf3 Bb4+ 10.Kf1 Be7 11.h4 h6 12.a3 a5 13.b3 Nd8 14.Nc3 f6 15.exf6 Bxf6
16.Be3 O-O 17.g4 Nc6 18.g5 Bxd4 19.Nxd4 Nde5 20.gxh6 Nxd3 21.Qxd3 Ne5 22.Qe2
Qa6 23.Rg1 {#r} 1-0

[Event "It (open)"]
[Site "St. Cebria (Spain)"]
[Round "0"]
[White "Fluvia Jordi (ESP)"]
[Black "Pedemonte Claudio (ITA)"]
[Result "1-0"]
[WhiteElo "2090"]
[BlackElo "1737"]

1.e4 e6 2.d4 d5 3.Nd2 Nf6 4.e5 Nfd7 5.Bd3 c5 6.c3 Nc6 7.Ne2 Qb6 8.Nf3 cxd4
9.cxd4 Be7 10.O-O f6 11.exf6 Nxf6 12.Nf4 Nd8 13.Re1 Bd7 14.Ne5 Qd6 15.Nh5 Nf7
16.Nxg7+ Kf8 17.Nxd7+ Nxd7 18.Nxe6+ {#r} 1-0

[Event "It (open) (b)"]
[Site "Witley (England)"]
[Round "2"]
[White "Jones Richard (ENG)"]
[Black "Beckett Christopher J (ENG)"]
[Result "0-1"]
[WhiteElo "2075"]
[BlackElo "2101"]

1.e4 e6 2.d4 d5 3.Nd2 Nf6 4.e5 Nfd7 5.Bd3 c5 6.c3 Nc6 7.Ne2 cxd4 8.cxd4 f6
9.Nf4 Nxd4 10.Qh5+ Ke7 11.exf6+ Nxf6 12.Ng6+ hxg6 13.Qxh8 Kf7 14.O-O e5 15.Nf3
Nxf3+ 16.gxf3 Nh5 17.Bxg6+ Kxg6 18.Kh1 Qh4 19.Qxf8 Kh7 20.Qa3 Bh3 21.Rg1 Qxf2
22.Qd3+ Kh8 23.Qxd5 Bg2+ {#R} 0-1

[Event "It (cat.7)"]
[Site "Wrexham (Wales)"]
[Round "2"]
[White "Dineley Richard (WLS)"]
[Black "Pedersen Steffen (DEN)"]
[Result "1-0"]
[WhiteElo "2275"]
[BlackElo "2415"]

1.e4 e6 2.d4 d5 3.Nd2 Nf6 4.e5 Nfd7 5.Bd3 c5 6.c3 Nc6 7.Ne2 Qb6 8.Nf3 cxd4
9.cxd4 f6 10.exf6 Nxf6 11.O-O Bd6 12.b3 O-O 13.Bf4 Bxf4 14.Nxf4 Bd7 15.Rc1
Rae8 16.Bb1 Kh8 17.g3 e5 18.Rxc6 Qxc6 19.dxe5 Ng4 20.e6 Rxe6 21.Nd4 Qc8
22.Qxg4 Re1 23.Ng6+ Kg8 24.Rxe1 {#r} 1-0

[Event "It (open)"]
[Site "Zadar (Croatia)"]
[Round "4"]
[White "Biti Ozren (CRO)"]
[Black "Turbuk Vladan (CRO)"]
[Result "1-0"]
[WhiteElo "2220"]
[BlackElo "2004"]

1.e4 e6 2.d4 d5 3.Nd2 Nf6 4.e5 Nfd7 5.Bd3 c5 6.c3 Nc6 7.Ne2 Qb6 8.Nf3 cxd4
9.cxd4 f6 10.Nc3 Nxd4 11.Nxd4 Qxd4 12.Bg6+ {#r} 1-0

[Event "It (open)"]
[Site "Bernate (Italy)"]
[Round "7"]
[White "Sala Gianni (ITA)"]
[Black "Guerrini Donato (ITA)"]
[Result "0-1"]
[WhiteElo "2048"]
[BlackElo "2019"]

1.e4 e6 2.d4 d5 3.Nd2 Nf6 4.e5 Nfd7 5.Bd3 c5 6.c3 Nc6 7.Ne2 Qb6 8.Nf3 cxd4
9.cxd4 f6 10.exf6 Nxf6 11.O-O Bd6 12.Re1 O-O 13.a3 Bd7 14.b4 e5 15.dxe5 Nxe5
16.Nxe5 Bxe5 17.Be3 Qd8 18.Ra2 Bxh2+ 19.Kxh2 Ng4+ 20.Kg1 Qh4 21.Ng3 Qh2+
22.Kf1 Qxg3 23.Kg1 Qh2+ 24.Kf1 Nxe3+ {#R} 0-1

[Event "It (b)"]
[Site "Budapest (Hungary)"]
[Round "5"]
[White "Berczes Csaba (HUN)"]
[Black "Peterson Emery (GER)"]
[Result "1-0"]
[WhiteElo "2115"]
[BlackElo "2184"]

1.e4 e6 2.d4 d5 3.Nd2 Nf6 4.e5 Nfd7 5.Bd3 c5 6.c3 Nc6 7.Ne2 Qb6 8.Nf3 cxd4
9.cxd4 f6 10.exf6 Nxf6 11.O-O Bd6 12.Re1 O-O 13.Bf4 Bxf4 14.Nxf4 Kh8 15.Ng5 e5
16.dxe5 Ng4 17.Qf3 Ncxe5 18.Ng6+ Nxg6 19.Bxg6 Qxf2+ 20.Qxf2 Nxf2 21.Nxh7 {#r}
1-0

[Event "It (matches)"]
[Site "Cannes (France)"]
[Round "1"]
[White "Rogic Davor (CRO)"]
[Black "Muller Veronique (FRA)"]
[Result "1-0"]
[WhiteElo "2505"]
[BlackElo "2020"]

1.e4 e6 2.d4 d5 3.Nd2 Nf6 4.e5 Nfd7 5.Bd3 c5 6.c3 Nc6 7.Ne2 cxd4 8.cxd4 f6
9.exf6 Nxf6 10.O-O Bd6 11.Nf3 O-O 12.Re1 Qc7 13.Nc3 a6 14.Bg5 Bd7 15.Bh4 Rae8
16.Rc1 Bc8 17.Bg3 Bxg3 18.hxg3 g6 19.Na4 Qg7 20.Bxa6 Ng4 21.Bb5 Bd7 22.Nc5 Bc8
23.Nxb7 {#r} 1-0